Подробности
| 000 -МАРКЕР |
| контрольное поле |
02701nam0a2200505 4500 |
| 001 - ИДЕНТИФИКАТОР ЗАПИСИ |
| контрольное поле |
RU\NLR\bibl\1986242 |
| 005 - ИДЕНТИФИКАТОР ВЕРСИИ |
| контрольное поле |
20260408091632.0 |
| 010 ## - МЕЖДУНАРОДНЫЙ СТАНДАРТНЫЙ НОМЕР КНИГИ (ISBN) |
| Номер (ISBN) |
978-5-89982-398-5 |
| Тираж |
100 |
| 021 ## - НОМЕР ГОСУДАРСТВЕННОЙ РЕГИСТРАЦИИ |
| Код страны |
Российская Федерация |
| Номер |
2012-96141 |
| Номер Листа государственной регистраци |
7115 |
| 035 ## - ДРУГИЕ СИСТЕМНЫЕ НОМЕРА |
| Идентификатор записи |
(nilc)LIBNET\0000257906 |
| 035 ## - ДРУГИЕ СИСТЕМНЫЕ НОМЕРА |
| Идентификатор записи |
(NLR Aleph) 001974855 |
| 100 ## - ДАННЫЕ ОБЩЕЙ ОБРАБОТКИ |
| Данные общей обработки |
20120717d2012 |||y0rusy50 ca |
| 101 0# - ЯЗЫК РЕСУРСА |
| Язык текста, звукозаписи и т.д. |
русский |
| 102 ## - СТРАНА ПУБЛИКАЦИИ ИЛИ ПРОИЗВОДСТВА |
| Страна публикации |
Российская Федерация |
| 105 ## - ПОЛЕ КОДИРОВАННЫХ ДАННЫХ: ТЕКСТОВЫЕ МАТЕРИАЛЫ, МОНОГРАФИЧЕСКИЕ |
| Кодированные данные о монографическом текстовом документе |
a ||||||||| |
| 200 1# - ЗАГЛАВИЕ И СВЕДЕНИЯ ОБ ОТВЕТСТВЕННОСТИ |
| Основное заглавие |
Экспериментальная и инновационная деятельность в сфере образования детей особой заботы |
| Сведения, относящиеся к заглавию |
сборник материалов педагогического форума, Омск, 2 декабря 2011 г. |
| Первые сведения об ответственности |
[редкол.: Беленькая Е.М. и др.] |
| 210 ## - ПУБЛИКАЦИЯ, РАСПРОСТРАНЕНИЕ И ДР. |
| Место издания, распространения и т.д. |
Омск |
| Имя издателя, распространителя и т. д. |
БОУДПО "ИРООО" |
| Дата издания, распространения и т.д. |
2012 |
| 215 ## - ФИЗИЧЕСКАЯ ХАРАКТЕРИСТИКА |
| Специфическое обозначение материала и объем |
100 с. |
| Другие сведения о физической характеристике |
ил. |
| Размеры |
21 |
| 300 ## - ОБЩИЕ ПРИМЕЧАНИЯ |
| Текст примечания |
В надзаг.: Бюджет. образоват. учреждение доп. проф. образования "Ин-т развития образования Ом. обл.", Каф. педагогики и психологии общ. и спец. образования, Инновац. комплекс "Образование детей особой заботы" |
| 320 ## - ПРИМЕЧАНИЯ О НАЛИЧИИ В ДОКУМЕНТЕ БИБЛИОГРАФИИ / УКАЗАТЕЛЯ |
| Текст примечания |
Библиогр. в конце ст. |
| 606 1# - НАИМЕНОВАНИЕ ТЕМЫ КАК ПРЕДМЕТ |
| Наименование темы |
Дети с ограниченными возможностями здоровья |
| Формальный подзаголовок |
Съезды, совещания и т.п. |
| Тематический подзаголовок |
Воспитание и обучение |
| Системный номер авторитетной/нормативной записи |
2068376 |
| Идентификатор авторитетной/нормативной записи |
RU\NLR\auth\661243020 |
| 606 1# - НАИМЕНОВАНИЕ ТЕМЫ КАК ПРЕДМЕТ |
| Наименование темы |
Специальное (коррекционное) образование |
| Формальный подзаголовок |
Съезды, совещания и т.п. |
| Тематический подзаголовок |
Инновации |
| Системный номер авторитетной/нормативной записи |
2661783 |
| Идентификатор авторитетной/нормативной записи |
RU\NLR\AUTH\6601749810 |
| 610 1# - НЕКОНТРОЛИРУЕМЫЕ ПРЕДМЕТНЫЕ ТЕРМИНЫ |
| Предметный термин |
Дети-сироты |
| 610 1# - НЕКОНТРОЛИРУЕМЫЕ ПРЕДМЕТНЫЕ ТЕРМИНЫ |
| Предметный термин |
Педагогика коррекционная |
| 610 1# - НЕКОНТРОЛИРУЕМЫЕ ПРЕДМЕТНЫЕ ТЕРМИНЫ |
| Предметный термин |
Педагогика специальная |
| 610 1# - НЕКОНТРОЛИРУЕМЫЕ ПРЕДМЕТНЫЕ ТЕРМИНЫ |
| Предметный термин |
Дети умственно-отсталые |
| 610 1# - НЕКОНТРОЛИРУЕМЫЕ ПРЕДМЕТНЫЕ ТЕРМИНЫ |
| Предметный термин |
Нарушение развития |
| 610 1# - НЕКОНТРОЛИРУЕМЫЕ ПРЕДМЕТНЫЕ ТЕРМИНЫ |
| Предметный термин |
Обучение коррекционное |
| 686 ## - ИНДЕКСЫ ДРУГИХ КЛАССИФИКАЦИЙ |
| Индекс |
74.50я4 |
| Издание |
LBC/M |
| Код системы |
|
| 686 ## - ИНДЕКСЫ ДРУГИХ КЛАССИФИКАЦИЙ |
| Индекс |
74.022.7я4 |
| Издание |
LBC/M |
| Код системы |
|
| 686 ## - ИНДЕКСЫ ДРУГИХ КЛАССИФИКАЦИЙ |
| Индекс |
74.202.42я4 |
| Издание |
LBC/M |
| Код системы |
|
| 686 ## - ИНДЕКСЫ ДРУГИХ КЛАССИФИКАЦИЙ |
| Индекс |
Ю948.25я431 |
| 686 ## - ИНДЕКСЫ ДРУГИХ КЛАССИФИКАЦИЙ |
| Индекс |
Ч430.1я431 |
| 702 #1 - ИМЯ ЛИЦА - ВТОРИЧНАЯ ОТВЕТСТВЕННОСТЬ |
| Начальный элемент ввода |
Беленькая |
| Часть имени, кроме начального элемента ввода |
Е. М. |
| Расширение инициалов личного имени |
Елена Марковна |
| Код отношения |
Редактор |
| 711 12 - НАИМЕНОВАНИЕ ОРГАНИЗАЦИИ - АЛЬТЕРНАТИВНАЯ ОТВЕТСТВЕННОСТЬ |
| Начальный элемент ввода |
Педагогический форум |
| Дата проведения временной организации |
2011 |
| Место проведения временной организации |
Омск |
| Идентификатор авторитетной/нормативной записи |
RU\NLR\AUTH\8810230678 |
| Системный номер авторитетной/нормативной записи |
346344 |
| 801 #0 - ИСТОЧНИК ЗАПИСИ |
| Страна |
Российская Федерация |
| Организация |
Омская ГОНБ |
| Дата составления |
20120717 |
| Правила каталогизации |
rcr |
| 801 #1 - ИСТОЧНИК ЗАПИСИ |
| Страна |
Российская Федерация |
| Организация |
Омская ГОНБ |
| Дата составления |
20120717 |
| Правила каталогизации |
rcr |
| Источник данных |
rusmarc |
| 801 #2 - ИСТОЧНИК ЗАПИСИ |
| Страна |
Российская Федерация |
| Организация |
NLR |
| Дата составления |
20130111 |
| Правила каталогизации |
rcr |
| 830 ## - ОБЩЕЕ ПРИМЕЧАНИЕ, СОСТАВЛЕННОЕ КАТАЛОГИЗАТОРОМ |
| Текст примечания |
авт. по базе |
| 942 ## - ДОПОЛНИТЕЛЬНЫЕ ЭЛЕМЕНТЫ ЗАПИСИ (АБИС) |
| Тип экземпляра АБИС |
Книга |
| 980 ## - КОЛЛЕКЦИЯ |
| Название коллекции |
НБР |
| 980 ## - КОЛЛЕКЦИЯ |
| Название коллекции |
Национальная библиография |